Wie Gestalte ich meine Motivsammlung? (how to I arrange my topical exhibit?) (Record no. 3268)
[ view plain ]
| 000 -LEADER | |
|---|---|
| fixed length control field | 00344nam a22000977a 4500 |
| 008 - FIXED-LENGTH DATA ELEMENTS--GENERAL INFORMATION | |
| fixed length control field | 220110b ||||| |||| 00| 0 eng d |
| 100 ## - MAIN ENTRY--AUTHOR'S NAME | |
| Author's Name | Poser, Wolfgang |
| 245 ## - TITLE STATEMENT | |
| Title | Wie Gestalte ich meine Motivsammlung? (how to I arrange my topical exhibit?) |
| 260 ## - PUBLICATION, DISTRIBUTION, ETC. (IMPRINT) | |
| Place of publication, distribution, etc. | Leipzig, Germany |
| Name of publisher, distributor, etc. | Verlag Enzyklopadie Leipzig |
| Date of publication, distribution, etc. | 1959 |
| 650 ## - TOPICAL TERM (Tag) | |
| Topical term or geographic name | Germany, topical collecting |
| Withdrawn status | Lost status | Source of classification or shelving scheme | Damaged status | Koha normalized classification for sorting | Not for loan | Collection code | Permanent Location | Current Location | Shelving location | Date acquired | Total Checkouts | Full call number | Barcode | Date last seen | Copy number | Price effective from | Koha item type |
|---|---|---|---|---|---|---|---|---|---|---|---|---|---|---|---|---|---|
| G3201 T674 P855 | Rudi Anders | Northern Philatelic Library | Northern Philatelic Library | General Stacks | 01/10/2022 | G3201 T674 P855 | 1005716 | 01/10/2022 | 1 | 01/10/2022 | Books |